<?xml version="1.0" encoding="UTF-8"?>
<record
    xmlns:xsi="http://www.w3.org/2001/XMLSchema-instance"
    xsi:schemaLocation="http://www.loc.gov/MARC21/slim http://www.loc.gov/standards/marcxml/schema/MARC21slim.xsd"
    xmlns="http://www.loc.gov/MARC21/slim">

  <leader>02148cam a22002294a 4500</leader>
  <controlfield tag="005">20250822165951.0</controlfield>
  <datafield tag="020" ind1=" " ind2=" ">
    <subfield code="a">9781437713978</subfield>
  </datafield>
  <datafield tag="020" ind1=" " ind2=" ">
    <subfield code="a">1437713971</subfield>
  </datafield>
  <datafield tag="050" ind1="1" ind2="0">
    <subfield code="a">RJ50</subfield>
    <subfield code="b">.P34</subfield>
  </datafield>
  <datafield tag="245" ind1="0" ind2="0">
    <subfield code="a">Pediatric clinical skills /</subfield>
    <subfield code="c">[edited by] Richard B. Goldbloom.</subfield>
  </datafield>
  <datafield tag="250" ind1=" " ind2=" ">
    <subfield code="a">Fourth edition.</subfield>
  </datafield>
  <datafield tag="260" ind1=" " ind2=" ">
    <subfield code="a">Canada</subfield>
    <subfield code="b">Elsevier </subfield>
    <subfield code="c">2011</subfield>
  </datafield>
  <datafield tag="300" ind1=" " ind2=" ">
    <subfield code="a">xvi, 330 pages :</subfield>
    <subfield code="b">illustrations (some color) ;</subfield>
    <subfield code="c">28 cm.</subfield>
  </datafield>
  <datafield tag="500" ind1=" " ind2=" ">
    <subfield code="a">includes index.</subfield>
  </datafield>
  <datafield tag="505" ind1="0" ind2=" ">
    <subfield code="a">Family interviewing and history-taking / Richard B. Goldbloom -- Skills for culturally sensitive care / Richard B. Goldbloom -- Assessing physical growth and nutrition / Richard B. Goldbloom -- Evaluating the newborn : diagnostic approach / Alexandra A. Howlett, Krista A. Jangaard -- Assessing congenital anomalies / Mark D. Ludman -- Developmental and behavioral assessment / Sarah E. Shea -- Examining the head and neck / D. Anna Jarvis -- Examining the visual system / G. Robert LaRoche -- Evaluating the respiratory system / Daniel M. Hughes -- Cardiovascular assessment of infants and children / Andrew E. Warren, Douglas L. Roy -- Evaluating gastrointestinal symptoms / Mohsin Rashid -- Surgical assessment of the abdomen / Michael Giacomantonio -- Neurological examination / Joseph M. Dooley -- Psychiatric assessment of children and adolescents / Harriet L. MacMillan, Jan Ellen Fleming, Ellen Jamieson -- Musculoskeletal examination / Bianca A. Lang -- Clinical endocrine evaluation / Elizabeth A. Cummings, Sonia R. Salisbury -- Approaching the adolescent / Alexa L. Bagnell -- Gynecological assessment / Joan B. Wenning -- Assessing the skin / Laura A. Finlayson -- Caring for children with chronic conditions and their families / Richard B. Goldbloom -- Clinical evaluation for possible child abuse / Steven Bellemare -- Assessing the appropriate role for children in health decisions / Nuala P. Kenny, Linda E. Skinner -- Palliative care / Gerri Frager, David LaPierre.</subfield>
  </datafield>
  <datafield tag="650" ind1=" " ind2="0">
    <subfield code="a">Children</subfield>
    <subfield code="x">Medical examinations.</subfield>
  </datafield>
  <datafield tag="650" ind1=" " ind2="0">
    <subfield code="a">Children</subfield>
    <subfield code="x">Diseases</subfield>
    <subfield code="x">Diagnosis.</subfield>
  </datafield>
  <datafield tag="650" ind1=" " ind2="0">
    <subfield code="a">Medical history taking.</subfield>
  </datafield>
  <datafield tag="650" ind1=" " ind2="0">
    <subfield code="a">Physical diagnosis.</subfield>
  </datafield>
  <datafield tag="700" ind1="1" ind2=" ">
    <subfield code="a">Goldbloom, Richard B.</subfield>
  </datafield>
  <datafield tag="942" ind1=" " ind2=" ">
    <subfield code="c">BK</subfield>
  </datafield>
  <datafield tag="999" ind1=" " ind2=" ">
    <subfield code="c">8470</subfield>
    <subfield code="d">8470</subfield>
  </datafield>
  <datafield tag="952" ind1=" " ind2=" ">
    <subfield code="0">0</subfield>
    <subfield code="1">0</subfield>
    <subfield code="4">0</subfield>
    <subfield code="7">0</subfield>
    <subfield code="8">REF</subfield>
    <subfield code="a">MUCGM</subfield>
    <subfield code="b">MUCGM</subfield>
    <subfield code="c">GEN</subfield>
    <subfield code="d">2025-08-16</subfield>
    <subfield code="e">Purchased from University Of Ghana Book Shop Main </subfield>
    <subfield code="l">0</subfield>
    <subfield code="o">RJ50 .P34</subfield>
    <subfield code="p">9142</subfield>
    <subfield code="r">2025-08-22 17:00:53</subfield>
    <subfield code="w">2025-08-22</subfield>
    <subfield code="y">BK</subfield>
  </datafield>
  <datafield tag="952" ind1=" " ind2=" ">
    <subfield code="0">0</subfield>
    <subfield code="1">0</subfield>
    <subfield code="4">0</subfield>
    <subfield code="7">0</subfield>
    <subfield code="8">REF</subfield>
    <subfield code="a">MUCGM</subfield>
    <subfield code="b">MUCGM</subfield>
    <subfield code="c">GEN</subfield>
    <subfield code="d">2025-08-16</subfield>
    <subfield code="e">Purchased from University Of Ghana Book Shop Main </subfield>
    <subfield code="l">0</subfield>
    <subfield code="o">RJ50 .P34</subfield>
    <subfield code="p">8959</subfield>
    <subfield code="r">2025-09-09 13:20:14</subfield>
    <subfield code="w">2025-09-09</subfield>
    <subfield code="y">BK</subfield>
  </datafield>
  <datafield tag="952" ind1=" " ind2=" ">
    <subfield code="0">0</subfield>
    <subfield code="1">0</subfield>
    <subfield code="4">0</subfield>
    <subfield code="7">0</subfield>
    <subfield code="8">REF</subfield>
    <subfield code="a">MUCGM</subfield>
    <subfield code="b">MUCGM</subfield>
    <subfield code="c">GEN</subfield>
    <subfield code="d">2025-08-16</subfield>
    <subfield code="e">Purchased from University Of Ghana Book Shop Main </subfield>
    <subfield code="l">0</subfield>
    <subfield code="o">RJ50 .P34</subfield>
    <subfield code="p">8960</subfield>
    <subfield code="r">2025-09-09 13:20:56</subfield>
    <subfield code="w">2025-09-09</subfield>
    <subfield code="y">BK</subfield>
  </datafield>
  <datafield tag="952" ind1=" " ind2=" ">
    <subfield code="0">0</subfield>
    <subfield code="1">0</subfield>
    <subfield code="4">0</subfield>
    <subfield code="7">0</subfield>
    <subfield code="8">REF</subfield>
    <subfield code="a">MUCGM</subfield>
    <subfield code="b">MUCGM</subfield>
    <subfield code="c">GEN</subfield>
    <subfield code="d">2025-08-16</subfield>
    <subfield code="e">Purchased from University Of Ghana Book Shop Main </subfield>
    <subfield code="l">0</subfield>
    <subfield code="o">RJ50 .P34</subfield>
    <subfield code="p">9149</subfield>
    <subfield code="r">2025-12-02 16:51:23</subfield>
    <subfield code="w">2025-12-02</subfield>
    <subfield code="y">BK</subfield>
  </datafield>
</record>
